Tile Select - Countries by Empires - Statistics

General Stats
  • This quiz has been taken 16 times
    13 since last reset
  • The average score is 37 of 45
Answer Stats
Question Tile Select % Correct
countries whose territory was part of the Mongol Empire China Yes
100%
countries whose territory was part of the Roman Empire Croatia Yes
100%
countries whose territory was part of the Roman Empire India No
100%
countries whose territory was part of the Mongol Empire Japan No
100%
countries whose territory was part of the Inca Empire Peru Yes
100%
countries whose territory was part of the Mongol Empire Philippines No
100%
countries whose territory was part of the Roman Empire Spain Yes
100%
countries whose territory was part of the British Empire Tunisia No
100%
countries whose territory was part of the French Empire Bahamas No
92%
countries whose territory was part of the British Empire Canada Yes
92%
countries whose territory was part of the Inca Empire Chile Yes
92%
countries whose territory was part of the British Empire Cuba No
92%
countries whose territory was part of the Inca Empire Dominican Republic No
92%
countries whose territory was part of the Roman Empire Israel Yes
92%
countries whose territory was part of the French Empire Madagascar Yes
92%
countries whose territory was part of the Mongol Empire Malaysia No
92%
countries whose territory was part of the British Empire Myanmar Yes
92%
countries whose territory was part of the Mongol Empire Pakistan Yes
92%
countries whose territory was part of the British Empire Zambia Yes
92%
countries whose territory was part of the British Empire Bangladesh Yes
83%
countries whose territory was part of the Roman Empire Belarus No
83%
countries whose territory was part of the British Empire Indonesia No
83%
countries whose territory was part of the Roman Empire Ireland No
83%
countries whose territory was part of the French Empire Mali Yes
83%
countries whose territory was part of the French Empire Oman No
83%
countries whose territory was part of the Mongol Empire Turkey Yes
83%
countries whose territory was part of the French Empire Vietnam Yes
83%
countries whose territory was part of the British Empire Angola No
75%
countries whose territory was part of the Inca Empire Bolivia Yes
75%
countries whose territory was part of the Inca Empire Brazil No
75%
countries whose territory was part of the Roman Empire Iraq Yes
75%
countries whose territory was part of the French Empire Libya No
75%
countries whose territory was part of the Inca Empire Panama No
75%
countries whose territory was part of the British Empire Papua New Guinea Yes
75%
countries whose territory was part of the French Empire Solomon Islands No
75%
countries whose territory was part of the Mongol Empire South Korea Yes
75%
countries whose territory was part of the Roman Empire Sudan No
75%
countries whose territory was part of the Inca Empire Venezuela No
75%
countries whose territory was part of the Roman Empire Netherlands Yes
67%
countries whose territory was part of the Mongol Empire Thailand No
67%
countries whose territory was part of the Inca Empire Colombia Yes
58%
countries whose territory was part of the French Empire United States Yes
58%
countries whose territory was part of the French Empire Vanuatu Yes
58%
countries whose territory was part of the Inca Empire Argentina Yes
42%
countries whose territory was part of the Mongol Empire Nepal No
42%
No matching quizzes found
Score Distribution
Percent of People with Each Score
Percentile by Number Answered
Your Score History
You have not taken this quiz since the last reset